[Event "World Chess Olympiad 2018"]
[Site "Batumi"]
[Date "2018.10.05"]
[Round "11"]
[Board "4"]
[WhiteFideId "101710"]
[White "Rodi Luis Ernesto"]
[BlackFideId "4300033"]
[Black "Cheng Bobby"]
[Result "1/2-1/2"]
[LiveChessVersion "1.4.8"]
[BlackElo "2507"]
[WhiteElo "2308"]

1. e4 {[%clk 1:30:57]} e6 {[%clk 1:30:54]} 2. d4 {[%clk 1:31:21]} d5
{[%clk 1:31:21]} 3. Nd2 {[%clk 1:31:44]} c5 {[%clk 1:31:48]} 4. exd5
{[%clk 1:32:07]} Qxd5 {[%clk 1:32:14]} 5. Ngf3 {[%clk 1:32:29]} cxd4
{[%clk 1:32:40]} 6. Bc4 {[%clk 1:32:53]} Qd7 {[%clk 1:33:05]} 7. O-O
{[%clk 1:30:51]} Nc6 {[%clk 1:33:32]} 8. Nb3 {[%clk 1:31:14]} a6 {[%clk 1:33:59]}
9. Nbxd4 {[%clk 1:31:35]} Nxd4 {[%clk 1:34:25]} 10. Qxd4 {[%clk 1:31:49]} Qxd4
{[%clk 1:34:04]} 11. Nxd4 {[%clk 1:32:12]} Nf6 {[%clk 1:34:31]} 12. a4
{[%clk 1:31:28]} Bd7 {[%clk 1:31:54]} 13. Re1 {[%clk 1:30:30]} Rc8
{[%clk 1:31:26]} 14. Bd3 {[%clk 1:30:27]} Bc5 {[%clk 1:13:57]} 15. Nb3
{[%clk 1:28:20]} Be7 {[%clk 1:14:24]} 16. Bd2 {[%clk 1:28:09]} O-O
{[%clk 1:08:51]} 17. Na5 {[%clk 1:24:10]} b5 {[%clk 1:07:16]} 18. axb5
{[%clk 1:11:36]} Bxb5 {[%clk 1:07:41]} 19. Bxb5 {[%clk 1:08:29]} axb5
{[%clk 1:08:06]} 20. c3 {[%clk 1:08:53]} Nd5 {[%clk 1:02:56]} 21. Rec1
{[%clk 1:01:04]} Bf6 {[%clk 0:58:19]} 22. Rab1 {[%clk 0:54:46]} Rfd8
{[%clk 0:53:30]} 23. Kf1 {[%clk 0:53:22]} Rd7 {[%clk 0:42:44]} 24. Ke2
{[%clk 0:51:45]} Rdc7 {[%clk 0:43:09]} 25. g3 {[%clk 0:47:03]} g5
{[%clk 0:40:58]} 26. h3 {[%clk 0:42:38]} Kg7 {[%clk 0:39:41]} 27. Nb3
{[%clk 0:40:54]} Nb6 {[%clk 0:29:04]} 28. Be3 {[%clk 0:39:26]} Na4
{[%clk 0:24:19]} 29. Kf3 {[%clk 0:34:41]} Kg6 {[%clk 0:21:53]} 30. Rh1
{[%clk 0:27:55]} h5 {[%clk 0:20:55]} 31. Nd2 {[%clk 0:26:07]} Be7
{[%clk 0:19:34]} 32. Ke2 {[%clk 0:24:22]} f6 {[%clk 0:14:58]} 33. f4
{[%clk 0:19:35]} g4 {[%clk 0:08:53]} 34. hxg4 {[%clk 0:16:22]} hxg4
{[%clk 0:09:19]} 35. f5+ {[%clk 0:13:52]} exf5 {[%clk 0:07:34]} 36. Rh6+
{[%clk 0:12:41]} Kg7 {[%clk 0:08:01]} 37. Rh5 {[%clk 0:12:53]} Rh8
{[%clk 0:04:40]} 38. Rxf5 {[%clk 0:12:26]} Rh2+ {[%clk 0:05:06]} 39. Kd3
{[%clk 0:11:45]} Rd7+ {[%clk 0:03:25]} 40. Bd4 {[%clk 0:41:40]} Nc5+
{[%clk 0:31:42]} 41. Ke3 {[%clk 0:40:18]} Ne6 {[%clk 0:22:28]} 42. Rxb5
{[%clk 0:35:15]} Bc5 {[%clk 0:15:07]} 43. Nb3 {[%clk 0:33:29]} Re7
{[%clk 0:13:26]} 44. Kd3 {[%clk 0:32:35]} Nxd4 {[%clk 0:13:01]} 45. Nxd4
{[%clk 0:16:55]} Bxd4 {[%clk 0:13:26]} 46. Kxd4 {[%clk 0:17:18]} Rd2+
{[%clk 0:13:43]} 47. Kc4 {[%clk 0:17:40]} Re4+ {[%clk 0:12:54]} 48. Kc5
{[%clk 0:17:07]} Rg2 {[%clk 0:12:38]} 49. Kd5 {[%clk 0:13:53]} Ree2
{[%clk 0:11:25]} 50. c4 {[%clk 0:12:36]} Rxg3 {[%clk 0:11:52]} 51. c5
{[%clk 0:12:53]} Rc2 {[%clk 0:09:55]} 52. b4 {[%clk 0:12:16]} Rgc3
{[%clk 0:08:56]} 53. Rg1 {[%clk 0:09:05]} f5 {[%clk 0:07:19]} 54. Ke5
{[%clk 0:07:49]} Kg6 {[%clk 0:07:47]} 55. Rb8 {[%clk 0:07:35]} Re3+
{[%clk 0:06:49]} 56. Kd4 {[%clk 0:07:16]} Re4+ {[%clk 0:07:14]} 57. Kd5
{[%clk 0:06:23]} Rd2+ {[%clk 0:07:22]} 58. Kc6 {[%clk 0:06:51]} Rc4
{[%clk 0:07:48]} 59. Rb6 {[%clk 0:04:24]} Kg5 {[%clk 0:07:46]} 60. Kb5
{[%clk 0:04:28]} Rdc2 {[%clk 0:07:30]} 61. Rd6 {[%clk 0:04:18]} R4c3
{[%clk 0:06:57]} 62. Rd5 {[%clk 0:03:54]} g3 {[%clk 0:06:08]} 63. c6
{[%clk 0:03:53]} Rxc6 {[%clk 0:00:50]} 64. Rxg3+ {[%clk 0:04:18]} Kf4
{[%clk 0:01:03]} 65. Rg2 {[%clk 0:04:23]} Ke4 {[%clk 0:00:58]} 66. Rxc2
{[%clk 0:03:47]} Rxc2 {[%clk 0:01:25]} 67. Rd8 {[%clk 0:04:09]} f4
{[%clk 0:01:32]} 68. Kb6 {[%clk 0:03:19]} f3 {[%clk 0:01:48]} 69. b5
{[%clk 0:02:44]} f2 {[%clk 0:02:16]} 70. Rf8 {[%clk 0:02:51]} Ke3
{[%clk 0:02:31]} 71. Kb7 {[%clk 0:02:59]} Rc4 {[%clk 0:02:37]} 72. Rxf2
{[%clk 0:02:27]} Kxf2 {[%clk 0:02:25]} 73. b6 {[%clk 0:02:53]} Ke3
{[%clk 0:02:52]} 74. Ka6 {[%clk 0:02:57]} Ra4+ {[%clk 0:01:50]} 75. Kb5
{[%clk 0:03:14]} Ra1 {[%clk 0:01:52]} 76. b7 {[%clk 0:03:32]} Kd4
{[%clk 0:02:10]} 77. Kc6 {[%clk 0:03:44]} Rb1 {[%clk 0:02:34]} 78. Kc7
{[%clk 0:04:09]} Rxb7+ {[%clk 0:03:00]} 79. Kxb7 {[%clk 0:03:21]} 1/2-1/2

[Event "World Chess Olympiad 2018"]
[Site "Batumi"]
[Date "2018.10.05"]
[Round "11"]
[Board "1"]
[WhiteFideId "4403940"]
[White "Rios Cristhian Camilo"]
[BlackFideId "3600017"]
[Black "Matamoros Franco Carlos S."]
[Result "0-1"]
[LiveChessVersion "1.4.8"]
[BlackElo "2494"]
[WhiteElo "2465"]

1. d4 {[%clk 1:30:54]} Nf6 {[%clk 1:30:49]} 2. c4 {[%clk 1:31:06]} e6
{[%clk 1:30:48]} 3. Nc3 {[%clk 1:30:58]} d5 {[%clk 1:30:06]} 4. cxd5
{[%clk 1:30:24]} exd5 {[%clk 1:30:01]} 5. Bg5 {[%clk 1:30:17]} c6
{[%clk 1:29:16]} 6. e3 {[%clk 1:29:57]} Be7 {[%clk 1:28:54]} 7. Qc2
{[%clk 1:28:58]} Nbd7 {[%clk 1:28:07]} 8. Bd3 {[%clk 1:28:52]} O-O
{[%clk 1:27:07]} 9. Nge2 {[%clk 1:28:19]} Re8 {[%clk 1:26:36]} 10. O-O
{[%clk 1:27:57]} Nf8 {[%clk 1:26:46]} 11. f3 {[%clk 1:27:32]} g6 {[%clk 1:25:12]}
12. Rad1 {[%clk 1:24:53]} Ne6 {[%clk 1:24:43]} 13. Bh4 {[%clk 1:24:41]} b5
{[%clk 1:24:08]} 14. Kh1 {[%clk 1:22:00]} Bb7 {[%clk 1:22:04]} 15. Bf2
{[%clk 1:17:23]} Rc8 {[%clk 1:20:59]} 16. Qb1 {[%clk 1:10:27]} b4
{[%clk 1:05:03]} 17. Na4 {[%clk 1:10:40]} Qa5 {[%clk 1:05:21]} 18. b3
{[%clk 1:10:51]} c5 {[%clk 0:58:20]} 19. dxc5 {[%clk 1:09:39]} Nxc5
{[%clk 0:58:38]} 20. Nxc5 {[%clk 1:10:00]} Bxc5 {[%clk 0:59:04]} 21. Nd4
{[%clk 1:06:42]} Bxd4 {[%clk 0:59:08]} 22. exd4 {[%clk 1:07:03]} Ba6
{[%clk 0:59:32]} 23. Rfe1 {[%clk 1:02:39]} Bxd3 {[%clk 0:52:21]} 24. Rxd3
{[%clk 1:01:01]} Rxe1+ {[%clk 0:33:30]} 25. Bxe1 {[%clk 1:01:05]} Qb5
{[%clk 0:33:20]} 26. Kg1 {[%clk 0:59:49]} Nh5 {[%clk 0:26:43]} 27. Bd2
{[%clk 0:46:33]} Ng7 {[%clk 0:26:28]} 28. Bf4 {[%clk 0:38:37]} Ne6
{[%clk 0:15:12]} 29. Be3 {[%clk 0:37:33]} a5 {[%clk 0:13:07]} 30. Kf2
{[%clk 0:32:25]} h5 {[%clk 0:11:28]} 31. Rd1 {[%clk 0:31:58]} Qb8
{[%clk 0:10:50]} 32. g3 {[%clk 0:30:24]} Rc3 {[%clk 0:10:28]} 33. Bd2
{[%clk 0:23:16]} Rc6 {[%clk 0:10:32]} 34. Rc1 {[%clk 0:20:51]} Nxd4
{[%clk 0:08:29]} 35. Qd3 {[%clk 0:21:06]} Qb6 {[%clk 0:02:19]} 36. Kg2
{[%clk 0:19:14]} Ne6 {[%clk 0:01:00]} 37. Re1 {[%clk 0:13:26]} Qc5
{[%clk 0:01:05]} 38. Re5 {[%clk 0:12:41]} Qc2 {[%clk 0:01:21]} 39. Qe2
{[%clk 0:11:40]} Qxa2 {[%clk 0:01:12]} 40. Rxd5 {[%clk 0:32:57]} Qxb3
{[%clk 0:31:36]} 41. Qb5 {[%clk 0:33:21]} Qc4 {[%clk 0:24:02]} 42. Qxa5
{[%clk 0:32:08]} Qe2+ {[%clk 0:23:59]} 43. Kh3 {[%clk 0:30:07]} Qf1+
{[%clk 0:21:35]} 44. Kh4 {[%clk 0:30:28]} Qxf3 {[%clk 0:20:45]} 45. Kh3
{[%clk 0:30:45]} Qf1+ {[%clk 0:20:56]} 46. Kh4 {[%clk 0:30:30]} Rc4+
{[%clk 0:21:21]} 0-1

[Event "World Chess Olympiad 2018"]
[Site "Batumi"]
[Date "2018.10.05"]
[Round "11"]
[Board "2"]
[WhiteFideId "3609677"]
[White "Barros Rivadeneira Cristhian"]
[BlackFideId "4403304"]
[Black "Sanchez Sebastian Felipe"]
[Result "1-0"]
[LiveChessVersion "1.4.8"]
[BlackElo "2424"]
[WhiteElo "2345"]

1. c4 {[%clk 1:30:53]} e6 {[%clk 1:30:18]} 2. Nf3 {[%clk 1:30:58]} Nf6
{[%clk 1:30:31]} 3. g3 {[%clk 1:31:15]} b6 {[%clk 1:29:13]} 4. Bg2
{[%clk 1:31:19]} Bb7 {[%clk 1:29:36]} 5. O-O {[%clk 1:31:32]} c5 {[%clk 1:29:44]}
6. d4 {[%clk 1:31:42]} cxd4 {[%clk 1:29:49]} 7. Qxd4 {[%clk 1:31:09]} d6
{[%clk 1:29:40]} 8. Nc3 {[%clk 1:31:03]} a6 {[%clk 1:29:33]} 9. Rd1
{[%clk 1:23:07]} Be7 {[%clk 1:27:20]} 10. b3 {[%clk 1:18:25]} Nbd7
{[%clk 1:27:34]} 11. Bb2 {[%clk 0:57:01]} O-O {[%clk 1:27:35]} 12. Rac1
{[%clk 0:56:55]} Qc7 {[%clk 1:27:22]} 13. Ne1 {[%clk 0:47:41]} Bxg2
{[%clk 1:21:54]} 14. Nxg2 {[%clk 0:44:05]} Qb7 {[%clk 1:22:16]} 15. Rc2
{[%clk 0:21:49]} Rfc8 {[%clk 1:17:47]} 16. Rdc1 {[%clk 0:18:36]} Rc7
{[%clk 1:10:00]} 17. Ne3 {[%clk 0:17:06]} Rac8 {[%clk 1:08:51]} 18. Na4
{[%clk 0:14:11]} Bf8 {[%clk 0:59:32]} 19. Ba3 {[%clk 0:07:25]} Rc6
{[%clk 0:49:07]} 20. h3 {[%clk 0:07:06]} h5 {[%clk 0:44:58]} 21. Nb2
{[%clk 0:06:32]} Nc5 {[%clk 0:36:11]} 22. Nbd1 {[%clk 0:04:32]} R6c7
{[%clk 0:35:17]} 23. Bb2 {[%clk 0:03:48]} Ncd7 {[%clk 0:31:31]} 24. Ba3
{[%clk 0:03:34]} Rc6 {[%clk 0:29:28]} 25. Bb2 {[%clk 0:03:45]} R8c7
{[%clk 0:29:07]} 26. Qf4 {[%clk 0:02:45]} Qc8 {[%clk 0:27:50]} 27. Qd4
{[%clk 0:01:25]} b5 {[%clk 0:19:55]} 28. Qd3 {[%clk 0:00:57]} b4 {[%clk 0:12:08]}
29. Ba1 {[%clk 0:00:36]} a5 {[%clk 0:11:24]} 30. Ng2 {[%clk 0:00:36]} Nc5
{[%clk 0:09:03]} 31. Qf3 {[%clk 0:00:59]} Nce4 {[%clk 0:06:37]} 32. h4
{[%clk 0:00:38]} e5 {[%clk 0:05:30]} 33. Nde3 {[%clk 0:00:34]} g6
{[%clk 0:05:56]} 34. Nd5 {[%clk 0:00:38]} Nxd5 {[%clk 0:06:21]} 35. Qxe4
{[%clk 0:01:05]} Nf6 {[%clk 0:04:34]} 36. Qf3 {[%clk 0:01:28]} Qe6
{[%clk 0:04:08]} 37. Ne3 {[%clk 0:00:54]} Bh6 {[%clk 0:04:33]} 38. Nd5
{[%clk 0:01:21]} Nxd5 {[%clk 0:04:40]} 39. cxd5 {[%clk 0:01:46]} Rxc2
{[%clk 0:05:07]} 40. Rxc2 {[%clk 0:30:52]} Qc8 {[%clk 0:34:17]} 41. Rc6
{[%clk 0:27:31]} f5 {[%clk 0:24:39]} 42. Bxe5 {[%clk 0:27:11]} dxe5
{[%clk 0:22:22]} 43. Rxg6+ {[%clk 0:27:35]} Bg7 {[%clk 0:22:07]} 44. Qxh5
{[%clk 0:18:33]} Qd7 {[%clk 0:16:59]} 45. Re6 {[%clk 0:16:52]} Rc8
{[%clk 0:16:41]} 46. Qg5 {[%clk 0:12:05]} Qc7 {[%clk 0:05:50]} 47. Kg2
{[%clk 0:08:48]} Qf7 {[%clk 0:04:09]} 48. h5 {[%clk 0:07:57]} Kf8
{[%clk 0:04:26]} 49. Re7 {[%clk 0:05:13]} Qxd5+ {[%clk 0:02:53]} 50. e4
{[%clk 0:04:50]} Qxe4+ {[%clk 0:03:09]} 51. Kh2 {[%clk 0:05:00]} Qg4
{[%clk 0:01:51]} 52. Rxg7 {[%clk 0:05:26]} Qxg5 {[%clk 0:02:19]} 53. Rxg5
{[%clk 0:05:52]} Rc2 {[%clk 0:02:47]} 54. Rxf5+ {[%clk 0:06:18]} Kg7
{[%clk 0:03:15]} 55. Kg2 {[%clk 0:05:23]} e4 {[%clk 0:03:02]} 56. Re5
{[%clk 0:03:10]} Re2 {[%clk 0:02:50]} 57. Rxa5 {[%clk 0:03:19]} e3
{[%clk 0:03:14]} 58. Kf3 {[%clk 0:03:44]} Rxf2+ {[%clk 0:03:31]} 59. Kxe3
{[%clk 0:04:09]} Rh2 {[%clk 0:03:16]} 60. Kd3 {[%clk 0:04:15]} Rg2
{[%clk 0:03:28]} 61. Kc4 {[%clk 0:04:36]} Rxg3 {[%clk 0:03:52]} 62. Kxb4
{[%clk 0:04:59]} 1-0

[Event "World Chess Olympiad 2018"]
[Site "Batumi"]
[Date "2018.10.05"]
[Round "11"]
[Board "3"]
[WhiteFideId "4404025"]
[White "Martinez Romero Martin"]
[BlackFideId "3618471"]
[Black "Noboa Kevin"]
[Result "1-0"]
[LiveChessVersion "1.4.8"]
[BlackElo "2256"]
[WhiteElo "2438"]

1. Nf3 {[%clk 1:30:33]} Nf6 {[%clk 1:30:43]} 2. g3 {[%clk 1:30:17]} b5
{[%clk 1:30:32]} 3. Bg2 {[%clk 1:30:37]} Bb7 {[%clk 1:30:56]} 4. O-O
{[%clk 1:30:57]} c5 {[%clk 1:29:55]} 5. d3 {[%clk 1:31:05]} e6 {[%clk 1:29:14]}
6. e4 {[%clk 1:27:36]} d6 {[%clk 1:29:12]} 7. a4 {[%clk 1:24:32]} b4
{[%clk 1:27:12]} 8. Nbd2 {[%clk 1:23:34]} Be7 {[%clk 1:24:53]} 9. e5
{[%clk 1:21:37]} dxe5 {[%clk 1:23:57]} 10. Nxe5 {[%clk 1:21:44]} Bxg2
{[%clk 1:22:28]} 11. Kxg2 {[%clk 1:22:07]} O-O {[%clk 1:22:20]} 12. Qf3
{[%clk 1:21:58]} Qd5 {[%clk 1:19:23]} 13. Re1 {[%clk 1:21:14]} Qxf3+
{[%clk 1:15:38]} 14. Ndxf3 {[%clk 1:19:15]} Nd5 {[%clk 1:14:33]} 15. Bd2
{[%clk 1:08:05]} Re8 {[%clk 1:10:35]} 16. c3 {[%clk 1:05:38]} Na6
{[%clk 1:07:16]} 17. c4 {[%clk 1:03:53]} Ndc7 {[%clk 1:04:53]} 18. d4
{[%clk 1:03:04]} cxd4 {[%clk 1:00:08]} 19. Nxd4 {[%clk 1:03:10]} Bc5
{[%clk 0:51:52]} 20. Nb5 {[%clk 1:00:41]} Rec8 {[%clk 0:27:36]} 21. Rad1
{[%clk 0:56:46]} Ne8 {[%clk 0:26:45]} 22. Nd3 {[%clk 0:46:57]} Bf8
{[%clk 0:24:11]} 23. b3 {[%clk 0:43:23]} Nc5 {[%clk 0:22:47]} 24. Nxc5
{[%clk 0:43:12]} Bxc5 {[%clk 0:23:12]} 25. Bf4 {[%clk 0:43:01]} Rd8
{[%clk 0:20:59]} 26. Rxd8 {[%clk 0:38:58]} Rxd8 {[%clk 0:21:27]} 27. Re5
{[%clk 0:38:46]} Rc8 {[%clk 0:16:04]} 28. Be3 {[%clk 0:36:26]} Bxe3
{[%clk 0:15:51]} 29. fxe3 {[%clk 0:36:22]} a6 {[%clk 0:10:37]} 30. Nd4
{[%clk 0:36:37]} Nd6 {[%clk 0:09:29]} 31. Nc2 {[%clk 0:27:39]} Rb8
{[%clk 0:04:08]} 32. Ra5 {[%clk 0:26:17]} Nb7 {[%clk 0:03:50]} 33. Rxa6
{[%clk 0:26:11]} Nc5 {[%clk 0:04:13]} 34. Ra5 {[%clk 0:24:54]} Nxb3
{[%clk 0:04:21]} 35. Rb5 {[%clk 0:24:06]} Rc8 {[%clk 0:00:50]} 36. Nxb4
{[%clk 0:24:00]} g6 {[%clk 0:00:51]} 37. a5 {[%clk 0:24:00]} Nxa5
{[%clk 0:00:38]} 38. Rxa5 {[%clk 0:24:15]} Rxc4 {[%clk 0:01:07]} 39. Rb5
{[%clk 0:24:00]} Kg7 {[%clk 0:00:52]} 40. Kf3 {[%clk 0:53:27]} h6
{[%clk 0:30:33]} 41. Nd3 {[%clk 0:53:01]} Rc7 {[%clk 0:30:12]} 42. e4
{[%clk 0:53:03]} f6 {[%clk 0:29:51]} 43. e5 {[%clk 0:51:37]} fxe5
{[%clk 0:27:31]} 44. Nxe5 {[%clk 0:49:31]} h5 {[%clk 0:27:00]} 45. h4
{[%clk 0:49:15]} Kf6 {[%clk 0:26:52]} 46. Nd3 {[%clk 0:49:04]} Rc3
{[%clk 0:26:38]} 47. Ke4 {[%clk 0:47:19]} Rc4+ {[%clk 0:25:44]} 48. Ke3
{[%clk 0:47:20]} Rc3 {[%clk 0:20:14]} 49. Kd4 {[%clk 0:45:53]} Ra3
{[%clk 0:20:17]} 50. Rb1 {[%clk 0:45:25]} Ra4+ {[%clk 0:19:43]} 51. Ke3
{[%clk 0:45:29]} e5 {[%clk 0:16:36]} 52. Rf1+ {[%clk 0:45:31]} Kg7
{[%clk 0:16:24]} 53. Nxe5 {[%clk 0:45:40]} Ra6 {[%clk 0:16:15]} 54. Rf7+
{[%clk 0:45:54]} Kg8 {[%clk 0:14:11]} 55. Rc7 {[%clk 0:45:54]} 1-0

[Event "World Chess Olympiad 2018"]
[Site "Batumi"]
[Date "2018.10.05"]
[Round "11"]
[Board "4"]
[WhiteFideId "3600629"]
[White "Munoz Sanchez Jhon"]
[BlackFideId "4430492"]
[Black "Cardoso Cardoso Jose Gabriel"]
[Result "1/2-1/2"]
[LiveChessVersion "1.4.8"]
[BlackElo "2313"]
[WhiteElo "2230"]

1. d4 {[%clk 1:30:55]} Nf6 {[%clk 1:30:52]} 2. c4 {[%clk 1:31:20]} e6
{[%clk 1:31:11]} 3. Nf3 {[%clk 1:29:48]} Bb4+ {[%clk 1:31:31]} 4. Bd2
{[%clk 1:30:14]} a5 {[%clk 1:31:48]} 5. g3 {[%clk 1:27:16]} b6 {[%clk 1:32:00]}
6. Bg2 {[%clk 1:27:37]} Bb7 {[%clk 1:32:22]} 7. O-O {[%clk 1:27:39]} O-O
{[%clk 1:32:44]} 8. Bf4 {[%clk 1:27:46]} Be7 {[%clk 1:32:25]} 9. Qc2
{[%clk 1:15:31]} Be4 {[%clk 1:17:29]} 10. Qc1 {[%clk 1:15:54]} c6
{[%clk 1:01:45]} 11. Nc3 {[%clk 1:13:14]} Bxf3 {[%clk 1:00:23]} 12. Bxf3
{[%clk 1:12:46]} d5 {[%clk 1:00:41]} 13. e4 {[%clk 0:42:09]} dxc4
{[%clk 0:40:54]} 14. d5 {[%clk 0:41:54]} Bc5 {[%clk 0:33:43]} 15. dxe6
{[%clk 0:38:16]} fxe6 {[%clk 0:32:39]} 16. Na4 {[%clk 0:23:49]} Nbd7
{[%clk 0:29:13]} 17. Qxc4 {[%clk 0:22:50]} Qe7 {[%clk 0:28:59]} 18. Nxc5
{[%clk 0:20:35]} Nxc5 {[%clk 0:29:21]} 19. Rfd1 {[%clk 0:18:56]} Rad8
{[%clk 0:24:16]} 20. b4 {[%clk 0:17:09]} axb4 {[%clk 0:21:55]} 21. Qxb4
{[%clk 0:17:24]} e5 {[%clk 0:19:19]} 22. Be3 {[%clk 0:16:55]} Rxd1+
{[%clk 0:07:18]} 23. Rxd1 {[%clk 0:17:03]} Qf7 {[%clk 0:03:47]} 24. a4
{[%clk 0:09:11]} Nd5 {[%clk 0:03:17]} 25. exd5 {[%clk 0:08:31]} Qxf3
{[%clk 0:03:43]} 26. Rf1 {[%clk 0:06:27]} Nd3 {[%clk 0:01:23]} 27. Qc4
{[%clk 0:03:44]} Qxd5 {[%clk 0:00:52]} 28. Qxd5+ {[%clk 0:04:09]} cxd5
{[%clk 0:01:21]} 29. Bxb6 {[%clk 0:04:20]} Nb2 {[%clk 0:01:15]} 30. Bc7
{[%clk 0:03:02]} Nc4 {[%clk 0:01:18]} 31. Re1 {[%clk 0:01:28]} Re8
{[%clk 0:00:41]} 32. a5 {[%clk 0:00:50]} Re7 {[%clk 0:00:48]} 33. Bb8
{[%clk 0:01:04]} Re8 {[%clk 0:00:45]} 34. Bc7 {[%clk 0:01:23]} Re7
{[%clk 0:00:56]} 1/2-1/2

[Event "World Chess Olympiad 2018"]
[Site "Batumi"]
[Date "2018.10.05"]
[Round "11"]
[Board "1"]
[WhiteFideId "208078"]
[White "Godart Francois"]
[BlackFideId "2101246"]
[Black "Leitao Rafael"]
[Result "1/2-1/2"]
[LiveChessVersion "1.4.8"]
[BlackElo "2620"]
[WhiteElo "2431"]

1. d4 {[%clk 1:30:56]} Nf6 {[%clk 1:30:49]} 2. c4 {[%clk 1:31:16]} e6
{[%clk 1:31:12]} 3. g3 {[%clk 1:31:35]} d5 {[%clk 1:30:09]} 4. Nf3
{[%clk 1:32:00]} Bb4+ {[%clk 1:29:10]} 5. Bd2 {[%clk 1:32:24]} Be7
{[%clk 1:29:15]} 6. Bg2 {[%clk 1:32:42]} O-O {[%clk 1:29:38]} 7. O-O
{[%clk 1:33:06]} c6 {[%clk 1:28:41]} 8. Qc2 {[%clk 1:33:29]} Nbd7
{[%clk 1:26:15]} 9. Bf4 {[%clk 1:33:51]} b6 {[%clk 1:21:33]} 10. Rd1
{[%clk 1:33:57]} Bb7 {[%clk 1:14:14]} 11. Ne5 {[%clk 1:32:07]} Nh5
{[%clk 1:07:49]} 12. Bc1 {[%clk 1:29:15]} Nhf6 {[%clk 1:07:29]} 13. Bf4
{[%clk 1:28:33]} Nh5 {[%clk 1:07:33]} 14. Bc1 {[%clk 1:28:57]} Nhf6
{[%clk 1:07:59]} 1/2-1/2

[Event "World Chess Olympiad 2018"]
[Site "Batumi"]
[Date "2018.10.05"]
[Round "11"]
[Board "2"]
[WhiteFideId "2106388"]
[White "Supi Luis Paulo"]
[BlackFideId "200778"]
[Black "Docx Stefan"]
[Result "0-1"]
[LiveChessVersion "1.4.8"]
[BlackElo "2427"]
[WhiteElo "2548"]

1. c4 {[%clk 1:29:39]} e5 {[%clk 1:29:36]} 2. Nc3 {[%clk 1:27:58]} Nf6
{[%clk 1:29:36]} 3. Nf3 {[%clk 1:24:56]} Nc6 {[%clk 1:29:55]} 4. a3
{[%clk 1:24:55]} d5 {[%clk 1:28:17]} 5. cxd5 {[%clk 1:25:14]} Nxd5
{[%clk 1:28:44]} 6. d3 {[%clk 1:23:28]} Be7 {[%clk 1:28:41]} 7. e4
{[%clk 1:20:10]} Nb6 {[%clk 1:26:30]} 8. Be2 {[%clk 1:17:57]} O-O
{[%clk 1:26:25]} 9. O-O {[%clk 1:17:39]} Be6 {[%clk 1:21:49]} 10. a4
{[%clk 0:57:45]} Nd7 {[%clk 1:12:02]} 11. Rb1 {[%clk 0:34:32]} a5
{[%clk 0:55:39]} 12. d4 {[%clk 0:20:07]} Nxd4 {[%clk 0:53:36]} 13. Nxd4
{[%clk 0:20:29]} exd4 {[%clk 0:54:00]} 14. Qxd4 {[%clk 0:20:53]} Nc5
{[%clk 0:52:44]} 15. Qe3 {[%clk 0:13:14]} c6 {[%clk 0:45:08]} 16. Qg3
{[%clk 0:10:52]} Bh4 {[%clk 0:45:11]} 17. Qf4 {[%clk 0:10:04]} Nb3
{[%clk 0:40:51]} 18. Be3 {[%clk 0:09:56]} h6 {[%clk 0:35:51]} 19. Rbd1
{[%clk 0:09:07]} Qe7 {[%clk 0:36:11]} 20. Bb6 {[%clk 0:07:41]} Bg5
{[%clk 0:35:14]} 21. Qg3 {[%clk 0:06:26]} Qb4 {[%clk 0:34:17]} 22. Bc7
{[%clk 0:05:44]} Nd2 {[%clk 0:31:38]} 23. Rfe1 {[%clk 0:05:32]} Nxe4
{[%clk 0:29:24]} 24. Nxe4 {[%clk 0:05:25]} Qxe4 {[%clk 0:29:51]} 25. b3
{[%clk 0:04:24]} Qh4 {[%clk 0:29:31]} 26. Bc4 {[%clk 0:02:59]} Bxc4
{[%clk 0:23:31]} 27. Qxh4 {[%clk 0:03:12]} Bxh4 {[%clk 0:23:56]} 28. bxc4
{[%clk 0:03:36]} Rfe8 {[%clk 0:24:06]} 29. Rxe8+ {[%clk 0:00:41]} Rxe8
{[%clk 0:24:34]} 30. Kf1 {[%clk 0:00:36]} Be7 {[%clk 0:22:58]} 31. Bxa5
{[%clk 0:00:33]} Ra8 {[%clk 0:23:06]} 32. Rd7 {[%clk 0:00:49]} Bf6
{[%clk 0:18:36]} 33. Bd2 {[%clk 0:00:39]} Rxa4 {[%clk 0:18:58]} 34. c5
{[%clk 0:00:58]} Rd4 {[%clk 0:18:59]} 35. Rxd4 {[%clk 0:00:52]} Bxd4
{[%clk 0:19:24]} 36. Bb4 {[%clk 0:00:49]} f5 {[%clk 0:18:40]} 37. Ke2
{[%clk 0:01:06]} Kf7 {[%clk 0:18:56]} 0-1